| 000 | 00853nam a22002657a 4500 | ||
|---|---|---|---|
| 005 | 20240530110956.0 | ||
| 008 | 220214s2008 ua g 000 0 ara d | ||
| 020 | _a9789774551811 | ||
| 040 |
_aEG-CaGPL _cEG-CaGPL |
||
| 082 | 0 | 4 |
_221 _a920.7 / _bا م |
| 100 | 0 | _aايمن محمود | |
| 245 | 1 | 2 |
_aمشاهير المنتحرين / _cايمن محمود |
| 250 | _aط. 1 | ||
| 260 |
_aالقاهرة : _bدار الفاروق للاستثمارات الثقافية، _c2008 |
||
| 300 |
_a120 ص. ؛ _c24 سم. |
||
| 650 | 0 | 7 |
_2qrmak _aالتراجم |
| 650 | 0 | 7 |
_2qrmak _aالانتحار |
| 650 | 0 | 7 | _2qrmak |
| 650 | 0 | 7 |
_2qrmak _aالرجال - تراجم |
| 650 | 0 | 7 |
_2qrmak _aالنساء - التراجم |
| 650 | 0 | 7 |
_2qrmak _aالمنتحر |
| 651 | _2qrmak | ||
| 942 |
_2ddc _cBK |
||
| 999 |
_c67091 _d67091 |
||